| 000 | 00579ntaaa2200205 4500 | ||
|---|---|---|---|
| 003 | 01 | ||
| 005 | 20251027202745.0 | ||
| 008 | 0714s1973 ag 01 | ||
| 040 |
_aAR-BaBN _bspa _cAR-BaBN _eaacr _dRIC |
||
| 082 | _a790.1500 F91j | ||
| 100 | _aFritzen, Silvino José | ||
| 245 | _aJuegos dirigidos | ||
| 250 | _a8 ed. | ||
| 260 |
_aBogotá : _bIndo-American Press Service, _c1988 |
||
| 300 |
_a73 p ; _c21 cm |
||
| 500 | _aPara grupos, recreación colectiva, clases y clases de educación fisica | ||
| 650 |
_agrupos _9264 |
||
| 650 |
_ajuegos-recreación _925971 |
||
| 942 | _cBK | ||
| 999 |
_c22833 _d22833 |
||